Catálogo

Sense and sensibility / (Registro nro. 60853)

Detalles MARC
000 -LEADER
fixed length control field 01220cam a2200337 i 4500
001 - CONTROL NUMBER
control field 60853
003 - CONTROL NUMBER IDENTIFIER
control field Mx-PuUPA
005 - DATE AND TIME OF LATEST TRANSACTION
control field 20250618100125.0
008 - FIXED-LENGTH DATA ELEMENTS--GENERAL INFORMATION
fixed length control field 140415s1992 xxka dr 000 0 eng d
020 ## - INTERNATIONAL STANDARD BOOK NUMBER
International Standard Book Number 9781853260162
040 ## - CATALOGING SOURCE
Original cataloging agency Mx-PuUPA
Language of cataloging spa
Transcribing agency Mx-PuUPA
Modifying agency Mx-PuUPA
Description conventions rda
041 0# - LANGUAGE CODE
Language code of text/sound track or separate title eng
100 1# - MAIN ENTRY--PERSONAL NAME
Personal name Austen, Jane,
Dates associated with a name 1775-1817
9 (RLIN) 9320
Relator term autor
245 10 - TITLE STATEMENT
Title Sense and sensibility /
Statement of responsibility, etc. Jane Austen ; introduction and notes by Stephen Arkin ; illustrations by Hugh Thomson
264 #1 - PRODUCTION, PUBLICATION, DISTRIBUTION, MANUFACTURE, AND COPYRIGHT NOTICE
Place of production, publication, distribution, manufacture Hertfordshire :
Name of producer, publisher, distributor, manufacturer Wordsworth Classics,
Date of production, publication, distribution, manufacture, or copyright notice 1992
300 ## - PHYSICAL DESCRIPTION
Extent xviii, 294 páginas :
Other physical details ilustraciones ;
Dimensions 20 cm.
336 ## - CONTENT TYPE
Fuente rdacontent
Content type term texto
Content type code txt
337 ## - MEDIA TYPE
Source rdamedia
Media type term sin medio
Media type code n
338 ## - CARRIER TYPE
Source rdacarrier
Carrier type term volumen
Carrier type code nc
490 0# - SERIES STATEMENT
Series statement The complete novels of Jane Austen
650 #7 - SUBJECT ADDED ENTRY--TOPICAL TERM
Source of heading or term armarc
Topical term or geographic name entry element Herencia y sucesión
General subdivision Novela
650 #7 - SUBJECT ADDED ENTRY--TOPICAL TERM
Source of heading or term armarc
Topical term or geographic name entry element Clases sociales
General subdivision Novela
650 #7 - SUBJECT ADDED ENTRY--TOPICAL TERM
Source of heading or term armarc
Topical term or geographic name entry element Mujeres jovenes
General subdivision Novela
650 #7 - SUBJECT ADDED ENTRY--TOPICAL TERM
Source of heading or term armarc
Topical term or geographic name entry element Hermanas
General subdivision Novela
650 #7 - SUBJECT ADDED ENTRY--TOPICAL TERM
Source of heading or term armarc
Topical term or geographic name entry element Selección de pareja
General subdivision Novela
700 1# - ADDED ENTRY--PERSONAL NAME
Personal name Arkin, Stephen,
Relator term autor de introducción y notas
700 1# - ADDED ENTRY--PERSONAL NAME
Personal name Thomson, Hugh,
Relator term ilustrador
942 ## - ADDED ENTRY ELEMENTS (KOHA)
Source of classification or shelving scheme Dewey Decimal Classification
Koha item type Libro
Classification part 823.7
Item part A327
Existencias
Withdrawn status Lost status Source of classification or shelving scheme Damaged status Not for loan Collection code Home library Current library Shelving location Date acquired Total Checkouts Full call number Barcode Date last seen Price effective from Koha item type
    Dewey Decimal Classification     General Angelópolis Angelópolis Sala general 18/06/2025   823.7 A327 1992 965000000378 18/06/2025 18/06/2025 Libro